[Event "Hessen-ch Seniors op 08th"]
[Site "Bad Sooden-Allendorf"]
[Date "2012.04.20"]
[Round "7"]
[White "Burkardt, Robert"]
[Black "Wieprecht, Gerhard"]
[Result "0-1"]
[WhiteElo "1845"]
[BlackElo "1939"]
[PlyCount "96"]
[EventDate "2012.04.14"]
[EventType "swiss"]
[EventRounds "9"]
[EventCountry "GER"]
[SourceTitle "EXT 2019"]
[Source "ChessBase"]
[SourceDate "2018.10.10"]
[SourceVersion "1"]
[SourceVersionDate "2018.10.10"]
[SourceQuality "1"]

1. e4 c5 2. Nf3 Nc6 3. d4 cxd4 4. Nxd4 Nf6 5. Nc3 d6 6. h3 g6 7. Nxc6 bxc6 8. Bd3 Bg7 9. Rb1 0-0 10. 0-0 d5 11. exd5 cxd5 12. Re1 e6 13. Bg5 Bb7 14. Qd2 Qb6 15. Bh6 Rfd8 16. Bxg7 Kxg7 17. Kh1 Rac8 18. Nd1 Ne4 19. Qe3 d4 20. Qe2 f5 21. Kg1 Re8 22. f3 Nc5 23. Qe5+ Kg8 24. Qxd4 Rcd8 25. Qe3 Nxd3 26. Qxb6 axb6 27. cxd3 Rxd3 28. Nc3 Kf7 29. Re5 Rd2 30. Re2 Rxe2 31. Nxe2 e5 32. Nc3 Rd8 33. Re1 Ke6 34. Kf2 Ba6 35. Rd1 Rxd1 36. Nxd1 Kd5 37. g3 Kd4 38. h4 Bc4 39. b3 Bd3 40. Ne3 b5 41. a4 bxa4 42. bxa4 Kc5 43. Nd1 Bc2 44. Nb2 Kb4 45. Ke3 Kb3 46. a5 Kxb2 47. a6 Ba4 48. a7 Bc6 0-1

[Event "Hessen-ch Seniors op 07th"]
[Site "Bad Sooden-Allendorf"]
[Date "2011.05.07"]
[Round "8"]
[White "Burkardt, Robert"]
[Black "Schuetze, Manfred"]
[Result "1/2-1/2"]
[WhiteElo "1622"]
[BlackElo "1668"]
[PlyCount "96"]
[EventDate "2011.04.30"]
[EventType "swiss"]
[EventRounds "9"]
[EventCountry "GER"]
[SourceTitle "EXT 2012"]
[Source "ChessBase"]
[SourceDate "2011.11.24"]
[SourceVersion "1"]
[SourceVersionDate "2011.11.24"]
[SourceQuality "1"]

1. e4 e5 2. Nf3 Nc6 3. Bc4 Bc5 4. 0-0 Nf6 5. d3 d6 6. Bg5 h6 7. Bh4 g5 8. Bg3 Be6 9. Bxe6 fxe6 10. h3 Nh5 11. Bh2 Nf4 12. c3 Qf6 13. b4 Bb6 14. a4 a5 15. b5 Ne7 16. Bxf4 Qxf4 17. Qd2 0-0 18. Qxf4 Rxf4 19. Nbd2 Raf8 20. Nc4 Kg7 21. Nxb6 cxb6 22. c4 Rc8 23. Rac1 Ng6 24. Nd2 Rf7 25. g3 Rfc7 26. Nb3 Nf8 27. Kg2 Nd7 28. Rfe1 Nc5 29. Nxc5 dxc5 30. Rcd1 Rf7 31. Re3 Rcf8 32. Rd2 h5 33. f3 Kg6 34. g4 hxg4 35. fxg4 Rf4 36. Ree2 Rf1 37. Ra2 Rd1 38. Red2 Rdf1 39. Re2 R8f4 40. Rad2 Rf6 41. Ra2 Rc1 42. Rac2 Rff1 43. Red2 Rg1+ 44. Kf3 Rgf1+ 45. Kg2 Rfd1 46. Kf3 Rg1 47. Rg2 Rcf1+ 48. Rgf2 Rd1 1/2-1/2

[Event "Hessen-ch Seniors op 07th"]
[Site "Bad Sooden-Allendorf"]
[Date "2011.05.03"]
[Round "4"]
[White "Burkardt, Robert"]
[Black "Heinzel, Peter"]
[Result "0-1"]
[WhiteElo "1622"]
[BlackElo "1947"]
[PlyCount "102"]
[EventDate "2011.04.30"]
[EventType "swiss"]
[EventRounds "9"]
[EventCountry "GER"]
[SourceTitle "EXT 2012"]
[Source "ChessBase"]
[SourceDate "2011.11.24"]
[SourceVersion "1"]
[SourceVersionDate "2011.11.24"]
[SourceQuality "1"]

1. e4 c6 2. d4 d5 3. exd5 cxd5 4. Nf3 Nf6 5. c3 Nc6 6. h3 e6 7. Bg5 Be7 8. Nbd2 h6 9. Be3 Bd6 10. Bd3 Bd7 11. 0-0 Rc8 12. Nh2 Qc7 13. f4 0-0 14. Ng4 Nxg4 15. Qxg4 Ne7 16. Qh4 Nf5 17. Bxf5 exf5 18. Rf3 Qd8 19. Qxd8 Rcxd8 20. Re1 Rfe8 21. g3 Bb5 22. Nb3 b6 23. Nc1 Re4 24. Bd2 Rde8 25. Rfe3 f6 26. Kf2 g5 27. Rxe4 fxe4 28. f5 h5 29. g4 Kg7 30. Rh1 hxg4 31. hxg4 Bf4 32. Be3 Bd6 33. Ne2 Bc4 34. a3 Bxe2 35. Kxe2 Rc8 36. Bd2 b5 37. Be3 a5 38. Bd2 Bf4 39. Rf1 Bxd2 40. Kxd2 Rh8 41. Rf2 Rh3 42. Rg2 Kf7 43. Kc2 Ke7 44. b4 a4 45. Kb2 Kd6 46. Kc2 Rh4 47. Kb2 Ke7 48. Kc2 Kf7 49. Kb2 Rh1 50. Kc2 Rf1 51. Kb2 e3 0-1

[Event "Hessen-ch Seniors op 05th"]
[Site "Bad Sooden-Allendorf"]
[Date "2009.04.29"]
[Round "5"]
[White "Alvarez, Luis"]
[Black "Burkardt, Robert"]
[Result "1/2-1/2"]
[WhiteElo "1702"]
[BlackElo "1585"]
[PlyCount "116"]
[EventDate "2009.04.25"]
[EventType "swiss"]
[EventRounds "9"]
[EventCountry "GER"]
[SourceTitle "EXT 2022"]
[Source "ChessBase"]
[SourceDate "2021.10.06"]
[SourceVersion "1"]
[SourceVersionDate "2021.10.06"]
[SourceQuality "1"]

1. e4 e5 2. Nf3 Nc6 3. Bb5 d6 4. h3 Nf6 5. d3 h6 6. c3 Be7 7. 0-0 0-0 8. Be3 Be6 9. Nbd2 a6 10. Ba4 b5 11. Bc2 d5 12. d4 exd4 13. Nxd4 Nxd4 14. Bxd4 c5 15. Be3 Rc8 16. Rc1 dxe4 17. Nxe4 Qxd1 18. Rfxd1 Nxe4 19. Bxe4 Rcd8 20. a3 Bb3 21. Bc2 Rxd1+ 22. Bxd1 Bxd1 23. Rxd1 Rc8 24. Rd7 Bf8 25. Kf1 Rc6 26. Ke2 Rd6 27. Rc7 c4 28. Rc8 Rd5 29. Ra8 f6 30. Rxa6 Kf7 31. a4 Bc5 32. Bxc5 Rxc5 33. Ra7+ Kg6 34. a5 b4 35. a6 bxc3 36. bxc3 Rd5 37. Rc7 Ra5 38. a7 Ra4 39. Kd2 f5 40. h4 Kf6 41. f3 g5 42. Rxc4 Rxa7 43. Rc6+ Kg7 44. hxg5 hxg5 45. g4 fxg4 46. fxg4 Rf7 47. Rc4 Kf6 48. Re4 Rd7+ 49. Ke3 Rd1 50. Ke2 Rd7 51. c4 Rd8 52. c5 Rc8 53. Rc4 Ke5 54. Kd3 Rc6 55. Kc3 Kd5 56. Rd4+ Kxc5 57. Rc4+ Kd5 58. Rxc6 Kxc6 1/2-1/2

[Event "Hessen-ch Seniors op 04th"]
[Site "Bad Sooden-Allendorf"]
[Date "2008.04.27"]
[Round "4"]
[White "Merettig, Georg"]
[Black "Burkardt, Robert"]
[Result "1-0"]
[WhiteElo "1788"]
[BlackElo "1594"]
[PlyCount "25"]
[EventDate "2008.04.24"]
[EventType "swiss"]
[EventRounds "9"]
[EventCountry "GER"]
[SourceTitle "EXT 2022"]
[Source "ChessBase"]
[SourceDate "2021.10.06"]
[SourceVersion "1"]
[SourceVersionDate "2021.10.06"]
[SourceQuality "1"]

1. Nc3 e5 2. Nf3 Nc6 3. d4 exd4 4. Nxd4 Nxd4 5. Qxd4 Nf6 6. e4 d6 7. Bg5 Be7 8. 0-0-0 0-0 9. Bd3 a6 10. e5 dxe5 11. Qxe5 Bd6 12. Qd4 Be7 13. Qh4 1-0

[Event "Hessen-ch Seniors op 04th"]
[Site "Bad Sooden-Allendorf"]
[Date "2008.04.24"]
[Round "1"]
[White "Burkardt, Robert"]
[Black "Kotlar, Alfred"]
[Result "0-1"]
[WhiteElo "1594"]
[BlackElo "1934"]
[PlyCount "92"]
[EventDate "2008.04.24"]
[EventType "swiss"]
[EventRounds "9"]
[EventCountry "GER"]
[SourceTitle "EXT 2022"]
[Source "ChessBase"]
[SourceDate "2021.10.06"]
[SourceVersion "1"]
[SourceVersionDate "2021.10.06"]
[SourceQuality "1"]

1. e4 d6 2. d4 Nf6 3. Nc3 g6 4. Nf3 Bg7 5. Bc4 c6 6. 0-0 b5 7. Bd3 0-0 8. h3 Nbd7 9. Be3 Nb6 10. Ne2 a6 11. c3 Bb7 12. Qc2 Qc7 13. Ng3 e6 14. Rac1 Nfd7 15. b3 f5 16. exf5 exf5 17. Bf4 Nd5 18. Bd2 c5 19. dxc5 Qxc5 20. Ne2 Rac8 21. Rfe1 Ne5 22. Nfd4 Rfe8 23. Rcd1 Qb6 24. Kf1 Nb4 25. cxb4 Rxc2 26. Bxc2 Nf7 27. Be3 Qd8 28. Nf4 Qd7 29. Nfe2 Nd8 30. Bd3 Be4 31. Rd2 Qb7 32. Bxe4 Rxe4 33. Rc2 Re8 34. Rc3 Qe4 35. f3 Qe5 36. Rd3 Qf6 37. Red1 g5 38. Nc2 Nf7 39. Bd4 Qg6 40. Bxg7 Qxg7 41. Ncd4 Qf6 42. R3d2 h5 43. Nc6 g4 44. hxg4 hxg4 45. f4 g3 46. Re1 Qh4 0-1